| 000 | 00618nam a2200217 a 4500 | ||
|---|---|---|---|
| 005 | 20140310183437.0 | ||
| 008 | 080205s19uu xx 00 eng d | ||
| 020 | _a9780324423020 | ||
| 050 |
_aHD 58.7 _b.N448 2008 |
||
| 100 | _aNelson, Debra L. | ||
| 245 |
_aUnderstanding organizational behavior / _cDebra L. Nelson |
||
| 250 | _a3rd ed. | ||
| 260 |
_aAustralia : _bSouth-Western, _c2008. |
||
| 300 |
_aI-14, 464 p. : _bcol. ill. ; _c26 cm. |
||
| 500 | _aInclude index. | ||
| 521 | _aBSBA | ||
| 650 | _aOrganizational behavior. | ||
| 700 | _aQuick, James Campbell | ||
| 942 |
_cBK _2lcc _kFOR |
||
| 999 |
_c22988 _d22988 |
||